| 000 | 00602nam a2200193Ia 4500 | ||
|---|---|---|---|
| 005 | 20250508162950.0 | ||
| 008 | 008 250505s9999 xx 000 0 eng d | ||
| 037 | _aTextual | ||
| 040 |
_aFEDL _beng _cFEDL |
||
| 041 |
_aeng _2eng |
||
| 084 |
_a374.4, UNE _qFEDL |
||
| 245 | 0 | _aDistance learning for teacher education: Report of a technical working group meeting, Islamabad, Pakistan, 4-16 November 1981. Vol.3. Exemplar materials | |
| 245 | 0 | _cUNESCO | |
| 260 | _c1982 | ||
| 300 | _a203p. | ||
| 650 | _aAdult education | ||
| 942 |
_cTEXL _h374.4, UNE |
||
| 999 |
_c1379673 _d1379673 |
||